00804 a2200169 45000010006000000050017000060080041000230030015000640400040000790800105001192450103002242500012003272640035003393000019003745050223003931000018006165673820260407155831.0260407a1971 arg spa dAR-UNSa-BCEJYS aAR-UNSa-BCEJYSbspacAR-UNSa-BCEJYS a304.4xAspectos generales de las políticas y prácticas sociales y culturales (política social)10aPolitica y sociedad en una epoca de transiciónpDe la sociedad tradicional a la sociedad de masa a4a. ed. 1aBuenos Aires :bPaidósc1971 a371 p.c18 cm. a1. Introducción: problemas de teoría sociológica general – 2. Sociedad industria y sociedad tradicional – 3. Notas sobre la transición en américa latina – 4. Estudios sobre la Argentina en transición 1 aGermani, Gino